| 000 | 01438nam a22002777a 4500 | ||
|---|---|---|---|
| 999 |
_c6598 _d6598 |
||
| 003 | OSt | ||
| 005 | 20200225161245.0 | ||
| 008 | 200225s2004 ck o|||er|||| 00| 0bspa d | ||
| 020 | _a9588040361 | ||
| 020 | _q9588040191 (Colección) | ||
| 040 |
_aCO-JMCR _cCO-JMCR |
||
| 041 | 0 | _aspa | |
| 082 | 0 | 4 |
_a923.5861 / _bD277p |
| 100 | 1 |
_aDíaz Díaz, Oswaldo, _eautor _9919 |
|
| 245 | 1 | 3 |
_aEl precursor don Antonio Nariño / _cOswaldo Díaz Díaz |
| 250 | _aPrimera edición | ||
| 260 |
_aBogotá : _bAcademia Colombiana de Historia, _c2004 |
||
| 300 |
_a109 páginas : _bfotografías a blanco y negro, láminas a color ; _c17 cm. |
||
| 490 | 0 |
_aBolsilibros ; _v55 |
|
| 500 | _aIncluye datos biográficos del autor en solapa posterior. | ||
| 504 | _aBibliografía: página [113] | ||
| 505 | 0 | _aLa época -- Los padres -- Cargos en la administración -- La tertulia -- Los pasquines -- En busca de ayuda para la independencia -- La segunda prisión -- Por tercera vez en prisiones -- Antecedentes de la revolución del 20 de julio -- Ante la revolución triunfante -- comienzan las guerras civiles -- La independencia absoluta de Cundinamarca -- Auxilios a Bolívar para la campaña admirable -- La entrega y la cuarta prisión -- Esos cinco años -- En el poder otra vez | |
| 650 | 1 | 4 |
_2Antonio Nariño _xEscritos políticos _y1765-1823 _9920 |
| 650 | 1 | 4 |
_aAntonio Nariño _xPensamiento político _y1765-1823 _9921 |
| 942 |
_2ddc _cBK |
||